[Event "Gibraltar Challengers B 2020"]
[Site "Caleta"]
[Date "2020.01.27"]
[Round "3.2"]
[White "Enkhtuul, Altan-Ulzii"]
[Black "Hristodorescu, Daniel"]
[Result "0-1"]
[WhiteElo "2200"]
[BlackElo "2172"]
[Annotator "TA"]
[PlyCount "110"]
[EventDate "2020.01.20"]
[EventType "swiss"]
[EventCountry "GGB"]
[SourceTitle "playchess.com"]
[Source "ChessBase"]
[SourceQuality "1"]

{[%evp 11,112,6,4,0,0,0,-1,-15,-7,-4,0,-6,0,-12,-12,-6,-7,-36,-7,-9,0,8,47,37,70,70,91,37,26,0,0,0,0,-52,-69,-97,-88,-81,-83,-99,-75,-130,-122,-166,-175,-336,-143,-266,-251,-235,-153,-153,-153,-152,-143,-148,-145,-136,-141,-164,-161,-159,-157,-171,-166,-672,-190,-183,-190,-181,-177,-183,-183,-183,-183,-393,-330,-340,-343,-362,-358,-340,-334,-373,-370,-363,-337,-527,-527,-1259,-1244,-1614,-1422,-2141,-1978,-29988,-29988,-29992,-29993,-29995,-29996,-29998,-29999]} 1. Nf3 Nf6 2. c4 g6 3. b4 Bg7 4. Bb2 O-O 5. e3 b6 6. Be2 c5 7. bxc5 {A15: English Opening: 1...Nf6} bxc5 8. O-O Nc6 9. d3 $146 {The position is equal.} ({Predecessor:} 9. Nc3 d6 10. Rb1 Bf5 11. d3 Rb8 12. Ba1 Qa5 13. Qd2 Rfd8 14. Rfc1 Kf8 {1-0 (55) Krnic,Z (2365)-Berkvens,J (2467) Amsterdam 2002}) 9... Rb8 10. Bc3 Qc7 11. Na3 d6 12. Nd2 Bd7 13. Nb3 Nb4 14. Bf3 Ba4 {White should prevent ...Nxa2!} 15. Qd2 {[#]} Nxa2 $1 {[%mdl 512]} 16. Ba5 (16. Rxa2 Bxb3) 16... Qc8 (16... Qd7 $5 {[%cal Ra4b3]} 17. Nxc5 dxc5 18. Rxa2 Rb3 $11) 17. Nxc5 $1 Qxc5 18. Rxa2 h5 19. d4 (19. Bc3 $16) 19... Qf5 $14 20. Bc7 Rbc8 21. Qb4 {Hoping for Bxd6.} Qd7 $1 $36 {[%mdl 2048] Black is pushing.} 22. Nb1 (22. Ba5 $11) 22... Bc6 $15 {Strongly threatening ...Bxf3.} ({Much weaker is} 22... Rxc7 $6 23. Qxa4 e5 24. Nc3 $14) (22... Qxc7 $6 23. Rxa4 Nd7 24. Nc3 $14) 23. d5 Bxd5 $1 ({Don't play} 23... Qxc7 $6 24. dxc6 Ng4 25. Ra6 $14) 24. cxd5 {Ba5 is the strong threat.} Rxc7 25. Nd2 Ng4 26. Nc4 ({Better is} 26. h3 Nf6 27. Nb3) 26... Rfc8 $17 27. Be2 Qf5 28. f3 $2 {[#]} (28. Qb5 {was necessary.}) 28... Ne5 (28... Rxc4 $1 $19 {[%mdl 512]} 29. Bxc4 (29. Qxc4 Rxc4) 29... Nxe3 {[%mdl 64] Double Attack}) 29. e4 {[#]} (29. Nxe5 $17 {was worth a try.} Qxe5 {[%mdl 64] Double Attack} 30. Qd2) 29... Qf4 $1 $19 {[%cal Re5c4]} 30. g3 Qh6 {[%cal Re5c4]} 31. Nxe5 Qe3+ ({But not} 31... dxe5 32. Qb2 $17) 32. Kh1 {Threatens to win with Nc6.} Bxe5 33. Qd2 Qxd2 34. Rxd2 Rc2 35. Rfd1 g5 36. Ba6 R8c3 37. Kg2 Kf8 38. Bd3 $2 (38. Kf2) 38... Rxd2+ $2 (38... Rxd3 39. Rxc2 Rxd1) 39. Rxd2 {[%mdl 4096] Endgame KRB-KRB} a5 {[%cal Ba7a5,Ba5a4,Ba4a3][%mdl 32]} 40. Bb5 Rb3 41. Bd7 {[#]} Ra3 $1 42. Rc2 a4 43. Rc8+ (43. f4 $142 gxf4 44. gxf4 Bxf4 45. Rc4) 43... Kg7 44. Rc2 Ra1 45. Bb5 a3 46. Bc4 Bd4 47. Kh3 Rg1 48. Ba2 Kg6 49. Rc8 (49. Bb3 $142) 49... Bc5 50. Bc4 Rc1 51. Ba2 Rc2 52. Bb1 Rb2 53. Bd3 a2 {Black mates.} 54. e5+ Kg7 55. Ra8 Bg1 0-1

[Event "Gibraltar Challengers B 2020"]
[Site "Caleta"]
[Date "2020.01.27"]
[Round "3.3"]
[White "Sanchez Jerez, Emilio Miguel"]
[Black "Yanev, Pavel"]
[Result "0-1"]
[WhiteElo "2168"]
[BlackElo "2200"]
[Annotator "TA"]
[PlyCount "104"]
[EventDate "2020.01.20"]
[EventType "swiss"]
[EventCountry "GGB"]
[SourceTitle "playchess.com"]
[Source "ChessBase"]
[SourceQuality "1"]

{[%evp 19,182,71,72,69,71,64,72,42,71,83,75,62,91,84,219,191,184,185,242,113,115,119,160,163,165,151,153,151,150,129,124,121,128,122,116,102,90,97,102,103,91,84,97,90,96,0,2,-8,6,4,0,0,0,-242,-242,-242,-242,-242,-242,-242,-226,-267,-267,-262,-261,-245,-220,-267,-264,-264,-256,-10783,-5360,-5073,-256,-241,-226,-533,-519,-504,-485,-10217,-7476,-29957,-29958,-29958,-29959,-29959,-29961,-29960,-29960,-29961,-29961,-29963,-29964,-29964,-29965,-29965,-29965,-29965,-29966,-29966,-29964,-29963,-29952,-29970,-29970,-29969,-29970,-29970,-29972,-29979,-29978,-29978,-29979,-29979,-29980,-29980,-29981,-29979,-29979,-29983,-29984,-29984,-29985,-29985,-29986,-29986,-29987,-29987,-29987,-29987,-29988,-29990,-29991,-29991,-29990,-29990,-29991,-29991,-29990,-29990,-29989,-29989,-29990,-29990,0,-29991,0,-29990,-29990,-29992,-29993,-29994,-29995,-29995,-29995,-29995,-29994,-29996,-29997,-29997,-29998,-29998,-29999]} 1. e4 c5 2. Nc3 Nc6 3. Nge2 Nf6 4. d4 cxd4 5. Nxd4 e5 6. Ndb5 h6 7. Nd6+ Bxd6 8. Qxd6 Qe7 9. Qxe7+ Kxe7 10. Be3 d6 11. f3 {B33: Sicilian: Pelikan and Sveshnikov Variations} Be6 12. O-O-O Rhd8 (12... a6 13. Be2 Rhc8 14. Kb1 b5 15. Rd2 Na5 16. Rhd1 Rc6 17. g4 Nc4 18. Bxc4 Bxc4 19. Re1 b4 20. Nd1 h5 {1-0 (37) Karthikeyan,M (2570)-Libiszewski,F (2481) Caleta 2019}) 13. g4 {White is better.} d5 14. Bc5+ Ke8 15. Nb5 {aiming for Nc7+.} Rac8 16. exd5 $1 (16. Nxa7 Nxa7 17. Bxa7 dxe4 $15) 16... Rxd5 $146 (16... Bxd5 $16 17. Bg2 Nd4 18. Bxd4 (18. Nxd4 Rxc5 19. Rhe1 Bxa2 $11) 18... exd4) ({Predecessor:} 16... Bxd5 17. Bg2 Nxg4 18. Rd2 Nf6 {1-0 (28) Hutya,J-Metal,I Hungary 1994}) 17. Rxd5 Bxd5 18. Nd6+ Kd7 (18... Kd8 {might work better.}) 19. Bd3 (19. Nxc8 $18 {is more deadly.} Bxf3 20. Bh3 (20. Nxa7 Bxh1 21. h3 Nxa7 $11) 20... Kxc8 21. g5+ Nd7 22. gxh6 $1 {[%mdl 512]} gxh6 23. Rf1) 19... b6 $16 20. Bf5+ (20. Nxc8 bxc5 21. Bf5+ Kc7 $15) 20... Kc7 21. Nb5+ ({Inferior is} 21. Nxc8 bxc5 22. Rf1 g6 $17) 21... Kb7 22. Bxc8+ Kxc8 {[#]} 23. Bf8 $1 Bxf3 24. Re1 ({Worse is} 24. Bxg7 Bxh1 25. Bxf6 Kd7 $15) 24... Ne8 25. h3 h5 26. gxh5 Bxh5 27. Nxa7+ {[%mdl 64] Deflection} Nxa7 28. Rxe5 {[%mdl 64] Double Attack} f5 29. Rxf5 g6 30. Rf7 Nc6 31. a4 Nd8 32. Ra7 (32. Rf1 $16) 32... Nc7 $1 $11 {Hoping for ...Kb8.} 33. a5 b5 {Threatens to win with ...Nc6.} 34. Bd6 Nde6 35. a6 Bf3 {Strongly threatening ...Kb8.} 36. b4 $2 (36. Bg3 $11 {and White stays safe.}) 36... Kb8 $19 37. Rxc7 Nxc7 38. Kd2 Kc8 39. a7 Ne6 40. Ke3 Bg2 41. h4 Kb7 42. Bb8 Bd5 43. c3 Bb3 44. Ke4 Nd8 45. Ke5 $2 (45. Bh2) 45... Nc6+ 46. Kf6 Bc2 $2 (46... Nxb8 47. axb8=Q+ Kxb8 48. Kxg6 Kc7) 47. Bd6 Nxa7 48. Kg5 $2 (48. Bg3 {is tougher.}) 48... Kc6 49. Bc5 Nc8 50. h5 (50. Kf4 $142 Kd5 51. Ke3) 50... gxh5 51. Kxh5 Nd6 52. Kg4 Kd5 {Played: Nd6-e4} 0-1

[Event "Gibraltar Challengers B 2020"]
[Site "Caleta"]
[Date "2020.01.27"]
[Round "3.4"]
[White "Levay, Sorin"]
[Black "Nebel, Jens"]
[Result "0-1"]
[WhiteElo "2192"]
[BlackElo "2168"]
[Annotator "TA"]
[PlyCount "96"]
[EventDate "2020.01.20"]
[EventType "swiss"]
[EventCountry "GGB"]
[SourceTitle "playchess.com"]
[Source "ChessBase"]
[SourceQuality "1"]

{[%evp 9,96,0,6,0,0,-27,0,-12,-8,-18,-17,-41,7,8,21,0,36,16,19,20,76,69,146,141,174,175,245,239,301,311,331,334,340,334,400,135,152,143,146,68,71,36,40,1,20,0,0,0,0,0,0,0,12,-1,-2,-2,-2,-2,-2,-61,-8,-127,-127,-115,-110,-191,-198,-183,-183,-685,-547,-1669,-1279,-4570,-3292,-2160,-592,-29973,-29973,-29981,-29982,-29980,-29981,-29985,-29986,-29986,-29987,-29987,-29988]} 1. e4 c5 2. g3 d6 3. Bg2 Nf6 (3... Nc6 4. c3 g6 5. Nf3 Nf6 6. d3 Bg7 7. O-O O-O 8. Re1 Rb8 9. a4 a6 10. h3 b5 11. axb5 axb5 12. d4 cxd4 13. cxd4 d5 14. e5 Ne4 15. Be3 b4 16. Nbd2 Nxd2 17. Qxd2 Na5 18. Qe2 {1-0 (48) Amin,B (2710)-Zablotsky,S (2511) St Petersburg 2018}) 4. c3 Nc6 5. d3 e5 6. a3 {B20: Sicilian: Unusual White 2nd moves} Be7 7. Ne2 $146 ({Predecessor:} 7. b4 O-O 8. Nf3 Be6 9. b5 Na5 10. c4 a6 11. a4 {1-0 (30) Kozarcanin,S (2053)-Radaca,N Sarajevo 2016}) 7... O-O 8. O-O {The position is equal.} d5 9. exd5 Nxd5 10. b4 cxb4 11. axb4 Nc7 12. Be3 Nb5 13. Na3 Nxa3 14. Rxa3 Bf5 (14... Be6 $11) 15. d4 $16 {And now d5 would win.} exd4 (15... e4 $14) 16. Nxd4 Nxd4 17. Bxd4 a5 (17... Qc7 $142 18. Qf3 Bc8) 18. Bxb7 $18 Rb8 19. Rxa5 Bh3 20. Bg2 Bxg2 21. Kxg2 Bxb4 22. Rh5 $2 (22. cxb4 $18 {and the rest is easy.} Rxb4 23. Ra4 Rxa4 24. Qxa4) 22... Be7 {[#]} 23. Qf3 $1 Qd7 24. Re1 (24. Rd5 $16 Qe6 25. Re5) 24... f5 $14 25. Qe2 Qd5+ 26. f3 Rbe8 27. Qe6+ Qxe6 28. Rxe6 g6 29. Rh3 Bg5 30. Rxe8 (30. Rd6 {is interesting.} Rd8 31. Rc6 Rc8 32. Rxc8 Rxc8 33. g4) 30... Rxe8 $11 {[%mdl 4096] Endgame KRB-KRB} 31. f4 Bd8 32. g4 fxg4 33. Rd3 Bc7 34. Kg3 (34. Re3 $11 Rxe3 35. Bxe3) 34... Re4 ({Black should try} 34... h5 $1 $15) 35. Be5 (35. Kxg4 $11 {keeps the balance.} Rxf4+ 36. Kh3) 35... Bxe5 $17 36. fxe5 {[#] KR-KR} h5 $1 37. Rd5 (37. Rd2 $17) 37... Kf7 $19 38. Kh4 Re2 39. Kg5 $2 (39. Rd7+ Ke6 {[%mdl 64] Double Attack} 40. Rg7) 39... Rxh2 40. Rd6 g3 41. Rf6+ Ke7 42. Rxg6 h4 43. Kf4 g2 {Black mates.} 44. Kf5 h3 45. Rg7+ Kf8 46. Kf6 Rh1 47. Rf7+ Kg8 48. Rg7+ Kh8 {Accuracy: White = 20%, Black = 52%.} 0-1

[Event "Gibraltar Challengers B 2020"]
[Site "Caleta"]
[Date "2020.01.27"]
[Round "3.5"]
[White "Longa Yauca, Javier"]
[Black "Prieto Martin, Alfonso"]
[Result "1-0"]
[WhiteElo "2154"]
[BlackElo "2181"]
[Annotator "TA"]
[PlyCount "89"]
[EventDate "2020.01.20"]
[EventType "swiss"]
[EventCountry "GGB"]
[SourceTitle "playchess.com"]
[Source "ChessBase"]
[SourceQuality "1"]

{[%evp 10,89,35,31,23,-31,-35,-64,-66,-56,-56,-56,-56,-53,-58,-57,-50,-53,-44,-52,-44,-47,-40,-46,-35,-39,-39,-58,-35,-41,-34,-64,-24,-67,-20,-23,-8,-52,108,90,102,66,121,139,140,124,124,120,121,121,140,130,267,269,233,233,423,411,422,410,712,702,730,758,941,936,1194,1179,1703,1657,2374,2329,2391,2360,2353,2141,29987,29988,29988,29989,29989,29990]} 1. Nf3 Nf6 2. g3 e6 3. Bg2 d5 4. c4 d4 5. d3 Nc6 6. O-O Be7 {A13: English Opening: 1...e6} 7. Bg5 (7. e3 $11) 7... O-O $15 8. e4 $146 ({Predecessor:} 8. Bxf6 Bxf6 9. Nbd2 g6 10. Ne4 Bg7 11. Qa4 a5 12. a3 Ra7 13. Nfd2 Qe7 14. Qb5 {1-0 (37) Martinez Alcantara,J (2601)-Jacobs,F (2203) Riga 2019}) 8... e5 {Black is slightly better.} 9. Ne1 Nd7 10. Bxe7 Qxe7 11. f4 a5 12. Nd2 Nc5 13. f5 Qg5 14. Rf2 Bd7 15. Bf1 Rfe8 16. Ndf3 Qe7 17. Qd2 f6 18. Nh4 Qf7 19. Be2 Ne7 20. Neg2 Ra6 21. Raf1 g5 22. Nf3 {[%cal Bh4f3,Bf3h2,Bh2g4][%mdl 32]} h6 23. h4 {[%cal Rh4g5]} Rf8 $2 (23... g4 $15 {keeps the upper hand.} 24. Nxe5 fxe5) 24. Nh2 Qg7 25. Ng4 $1 Be8 (25... gxh4 $14 26. Nxh4 h5) 26. hxg5 $16 hxg5 27. Ne1 $1 Nc6 28. Rh2 Kf7 29. Rh6 {Strongly threatening Rg6.} Ke7 {[#]} 30. Rf2 $1 {[%cal Rf2h2]} Nd7 {[#]} (30... Kd8 $16) 31. Rfh2 $1 $18 Rf7 32. Nf3 {And now Rg6 would win.} Nf8 $2 (32... Kd8 33. Rh8 Rf8) 33. Bd1 Kd8 34. Ba4 Ne7 (34... Nb4 $142 35. Bb5 Rb6) 35. Bb5 Rb6 36. a4 {[%cal Ba2a4,Ba4b5][%mdl 32]} Ng8 37. Rh8 Bxb5 38. axb5 a4 39. Qa5 Rd6 40. c5 Rdd7 41. Qa8+ Ke7 42. Qxb7 Kd8 43. c6 {White mates.} Rd6 44. Qb8+ Ke7 45. Qxc7+ {Accuracy: White = 74%, Black = 41%.} 1-0

[Event "Gibraltar Challengers B 2020"]
[Site "Caleta"]
[Date "2020.01.27"]
[Round "3.6"]
[White "Galvan, Jesus"]
[Black "Royset, Pal"]
[Result "0-1"]
[WhiteElo "2180"]
[BlackElo "2151"]
[Annotator "TA"]
[PlyCount "200"]
[EventDate "2020.01.20"]
[EventType "swiss"]
[EventCountry "GGB"]
[SourceTitle "playchess.com"]
[Source "ChessBase"]
[SourceQuality "1"]

{[%evp 13,200,-22,5,-9,30,31,28,11,11,18,18,-7,-13,-6,8,11,21,0,16,16,16,16,16,16,16,16,14,14,14,14,26,18,0,-62,61,0,0,0,0,-188,-179,-196,-178,-192,-190,-188,-187,-178,-182,-180,-189,-241,-234,-237,-246,-228,-233,-209,-227,-206,-158,-162,-120,-124,-124,-116,0,-156,0,0,0,0,0,0,0,-63,0,0,0,0,0,-323,0,-139,-145,-137,-145,-553,-552,-535,-534,-534,-449,-691,-691,-526,-526,-691,-686,-660,-656,-671,-668,-660,-604,-596,-592,-29962,-29963,-29963,-29960,-29964,-29965,-29964,-29964,-29964,-29965,-29966,-29967,-29966,-29967,-4614,0,0,0,0,0,0,0,0,0,0,0,0,0,0,0,0,0,0,0,0,0,0,0,0,0,0,0,0,0,0,0,0,0,0,0,0,0,0,0,0,0,0,0,0,0,0,0,0,0,0,0,0,0,0,0,0,0,0,0,0,0,-29980,-29981,-29981,-29982,-29982,-29983]} 1. c4 e5 2. Nc3 Nc6 3. Nf3 g6 4. d4 exd4 5. Nd5 Bg7 6. Bg5 Nce7 7. Nxd4 c6 8. Nc3 {A27: English Opening: Three Knights Variation} Qb6 (8... Nf6 9. e4 O-O 10. Qf3 Ng4 11. O-O-O Ne5 12. Qg3 c5 13. Ndb5 h6 14. Be3 a6 15. Nd6 Qa5 {1-0 (41) Ivanisevic,I (2593)-Can,E (2600) Moscow 2019}) 9. Nb3 d5 10. cxd5 {White has an edge.} Nxd5 11. Nxd5 cxd5 12. Be3 Qb4+ 13. Bd2 $132 {[%mdl 2048] White has counterplay} Qd6 14. Bc3 Nf6 $146 ({Predecessor:} 14... Bxc3+ 15. bxc3 Nf6 {½-½ (40) Noe,C (2253)-Starostits,I (2458) Boeblingen 2013}) 15. Qd4 O-O 16. Bb4 Qd8 $1 17. Bxf8 Qxf8 18. Qc5 Qd8 19. e3 Ne4 20. Qc2 a5 {Threatens to win with ...Bf5.} 21. Bd3 {White wants to play 0-0.} a4 22. Nd4 Qa5+ 23. Ke2 ({Only move:} 23. Kf1 $11) 23... Nc5 (23... Bg4+ $15 24. f3 {[%mdl 64] Double Attack} Rc8) 24. b4 (24. Nb3 $14 Nxb3 25. axb3 Bg4+ 26. f3) 24... Qxb4 $11 25. Rab1 Qa3 26. Rhc1 $2 (26. Nb5 $11 {and White stays safe.} Qxd3+ 27. Qxd3 Nxd3 28. Kxd3) 26... Bxd4 $19 ({Inferior is} 26... Nxd3 27. Qxd3 Bg4+ 28. f3 $14) 27. exd4 Bg4+ ({Weaker is} 27... Qxd3+ 28. Qxd3 Nxd3 29. Kxd3 $11) 28. f3 Nxd3 29. Qxd3 Re8+ $1 ({Stronger than} 29... Qxa2+ 30. Qd2 $14) 30. Kd2 Qxa2+ 31. Qc2 Qxc2+ 32. Rxc2 {[%mdl 4096] Endgame KRR-KRB} (32. Kxc2 $142 Bf5+ {[%mdl 64] Skewer} 33. Kd2 Bxb1 34. Rxb1) 32... Bf5 {[%mdl 64] Skewer} 33. Rcb2 Bxb1 34. Rxb1 {KR-KR} Rb8 35. Rb5 Kf8 36. Kc3 Ke7 37. Kb4 Kd6 38. Rb6+ Kc7 39. Rf6 b5 ({Black should play} 39... Ra8 $1 $17 {Strongly threatening ...a3.} 40. Rxf7+ Kd6) 40. Kc5 $2 (40. Rxf7+ $11 Kd6 41. Ra7) 40... Rb7 $2 (40... Kd7 $1 $17 41. Rxf7+ Ke6) 41. Rxf7+ $11 Kb8 42. Rf8+ Ka7 43. Kb4 Rc7 44. Re8 ({Better is} 44. Rf6 $1 $11) 44... Kb6 (44... Rc2 $15 45. Kxb5 a3) 45. Rb8+ Ka6 {And now ...Rc4+ would win.} 46. Ra8+ Kb7 47. Rd8 $2 {[%mdl 8192]} (47. Ra5 $11) 47... Kc6 $2 (47... Rc2 $19 {...Rb2+ is the strong threat.} 48. Rxd5 Rb2+ 49. Ka3 Rb3+ 50. Ka2 Kc6) 48. f4 (48. Ra8 $11 {keeps the balance.}) 48... Ra7 $17 49. Rc8+ Kd6 50. Kxb5 $2 {[%mdl 8192]} (50. Rc3 $17) 50... a3 $19 {White must now prevent ...a2.} 51. Rc6+ Kd7 52. Rc1 h5 53. Kb4 (53. f5 $142 a2 54. Ra1) 53... a2 54. Ra1 Ke6 55. g3 Kf5 56. Kc5 Ke4 57. Re1+ Kf3 58. Ra1 Kg2 59. Kxd5 Kxh2 60. f5 gxf5 61. Ke6 Kxg3 62. Kxf5 h4 63. d5 h3 64. d6 h2 65. Ke6 Kg2 66. d7 h1=Q {[%mdl 64] Promotion} 67. Rxh1 Kxh1 $2 (67... Rxd7 $1 $19 68. Ra1 Rd2) 68. d8=Q $11 {White wants to mate with Qd1+.} a1=Q 69. Qh4+ Kg2 70. Qg4+ Kf2 71. Qf4+ Ke2 72. Qe4+ Kd2 73. Qd5+ Kc2 74. Qe4+ Kb3 75. Qd5+ $1 Kb4 76. Qd6+ Kb5 77. Qd3+ Kb6 78. Qb3+ Kc5 79. Qc2+ Kd4 80. Qd2+ $1 Kc4 81. Qd5+ $1 Kc3 82. Qf3+ $1 Kb2 83. Qe2+ $1 Kb3 84. Qb5+ $1 Ka2 85. Qc4+ Kb2 86. Qe2+ Kb1 87. Qd1+ $1 Kb2 88. Qd2+ Kb3 89. Qd5+ Kc2 90. Qe4+ $1 Kd2 91. Qf4+ Kd3 92. Qf3+ Kd4 93. Qf2+ Ke4 {[%csl Ge4][%cal Ra1e5]} 94. Qe2+ Kf4 95. Qf2+ Kg5 96. Qg3+ Kh6 97. Qf4+ Kh7 {( -> ...Qa2+)} 98. Qf5+ $2 {[%mdl 8192] [#]} (98. Qh4+ $11 Kg8 99. Qd8+ Kh7 100. Qh4+ Kg6 101. Qe4+ Kh5 102. Qf5+ Kh4 103. Qf4+ Kh3 104. Qf3+ Kh4 105. Qf4+ Kh5 106. Qf5+ Kh6 107. Qf4+ Kh7 108. Qh4+) 98... Kg8 $1 {Black mates.} 99. Qg5+ {[#]} Qg7 $1 100. Qd8+ Kh7 {Accuracy: White = 45%, Black = 64%.} 0-1

[Event "Gibraltar Challengers B 2020"]
[Site "Caleta"]
[Date "2020.01.27"]
[Round "3.7"]
[White "Ask, Josef"]
[Black "Ruperez, Miguel"]
[Result "0-1"]
[WhiteElo "2174"]
[BlackElo "2126"]
[Annotator "TA"]
[PlyCount "72"]
[EventDate "2020.01.20"]
[EventType "swiss"]
[EventCountry "GGB"]
[SourceTitle "playchess.com"]
[Source "ChessBase"]
[SourceQuality "1"]

{[%evp 15,76,13,27,-6,0,-34,-18,-8,-21,-22,0,-14,0,-31,-43,-52,-6,-11,55,0,0,3,104,97,121,113,86,15,23,6,127,151,140,140,152,139,229,146,151,142,145,146,145,134,137,10,66,-25,0,-29989,-29990,-29990,-29991,-29991,-2572,-2371,-2407,-29995,-29987,-29996,-29993,-29993,-29994]} 1. e4 c5 2. Nf3 e6 3. d3 Nc6 4. g3 Nf6 5. Bg2 d5 6. Nbd2 g6 7. O-O Bg7 8. c3 O-O 9. a3 {A08: King's Indian Attack} (9. Re1 a5 10. a4 b6 11. exd5 exd5 12. Nf1 h6 13. Bf4 Nh5 14. Ne5 Bb7 15. Nxc6 Bxc6 16. Be5 Bxe5 17. Rxe5 Qd6 {½-½ (46) Fressinet,L (2717)-Vitiugov,N (2742) Dubai 2014}) 9... b6 10. Qa4 $146 ({Predecessor:} 10. e5 Nd7 11. d4 a5 12. Re1 b5 13. Nf1 Rb8 14. Bg5 Qb6 15. Qd2 b4 16. Bh6 bxc3 17. bxc3 cxd4 18. Bxg7 Kxg7 19. cxd4 {½-½ (35) Weill,R (2227)-Degraeve,J (2559) St Chely d'Aubrac 2009}) 10... Bd7 11. Qc2 {The position is equal.} Rc8 12. Re1 Qc7 13. Nf1 c4 {next ...cxd3 is good for Black.} 14. dxc4 dxe4 15. N3d2 Na5 16. Ne3 b5 ({Black should play} 16... Rfd8 $11) 17. cxb5 ({Don't play} 17. Nxe4 Nxe4 18. Qxe4 bxc4 $15) (17. c5 $1 $14) 17... Bxb5 $11 18. Nxe4 Nd7 (18... Nxe4 $11 {remains equal.} 19. Bxe4 Rfd8) 19. Rd1 $16 Nb6 {White should prevent ...Ba4.} 20. a4 $1 {[%cal Ra4b5]} Bc6 21. Nd6 (21. b4 $1 $16 {[%cal Rb4a5]} Nac4 22. a5 Nxe3 23. Bxe3) 21... Bxg2 22. Nxg2 Rb8 (22... Rcd8 $11 23. Bf4 Qc6) 23. Bf4 e5 24. Be3 Rfd8 25. Nb5 Rxd1+ (25... Qc4 $16) 26. Qxd1 Qb7 27. b4 Nac4 28. a5 Nd5 29. Bxa7 Rd8 {[#]} 30. Qa4 (30. Qd3 $1 $16 {[%cal Rd3c4]} Qxb5 31. Ne3) 30... Nd2 (30... Qd7 $11) 31. Ne1 ({Better is} 31. Bc5 $14 Nf3+ 32. Kh1) 31... Qd7 $40 {[%mdl 128] ...Qh3 is the strong threat. Black attacks.} 32. Bc5 $2 {[%mdl 8192]} (32. Qd1 $11 Nc4 33. Na3 (33. Qa4 Nd2 $14) 33... Nxa3 34. Rxa3 Qxa7 35. c4) 32... Qh3 {[%csl Gd2][%cal Rh3f1]} 33. Ng2 Nf3+ {[%mdl 64] Double Attack} 34. Kf1 {[#]} Nxh2+ (34... Nf4 $142 $1 {[%mdl 512]} 35. gxf4 Nxh2+ 36. Ke1 Nf3+ 37. Ke2 Rd2+ 38. Ke3 Qxg2 39. Bd4 exd4+ 40. cxd4 Bxd4+ 41. Nxd4 Qxf2+ 42. Ke4 Rxd4#) 35. Ke2 $19 Qxg2 36. Rd1 Nf4+ 0-1

[Event "Gibraltar Challengers B 2020"]
[Site "Caleta"]
[Date "2020.01.27"]
[Round "3.8"]
[White "Voiteanu, Gabriel"]
[Black "Zulkipli, Zaidan"]
[Result "0-1"]
[WhiteElo "2133"]
[BlackElo "2174"]
[Annotator "TA"]
[PlyCount "156"]
[EventDate "2020.01.20"]
[EventType "swiss"]
[EventCountry "GGB"]
[SourceTitle "playchess.com"]
[Source "ChessBase"]
[SourceQuality "1"]

{[%evp 15,156,3,5,6,0,0,43,43,35,37,58,56,83,58,160,137,147,144,150,135,158,114,122,69,77,69,101,95,125,119,127,127,105,115,118,111,111,73,86,47,96,75,75,75,75,75,75,75,75,75,109,130,140,152,160,147,149,147,147,154,119,150,139,126,99,99,101,53,75,75,232,234,234,234,261,234,234,234,222,37,104,0,203,0,203,202,199,199,195,189,193,71,123,112,229,229,227,213,228,228,228,0,0,0,0,0,0,0,0,0,0,0,0,0,0,0,0,0,0,0,0,0,0,0,0,0,0,0,0,0,0,0,0,-29984,-29985,-29985,-29986,-29986,-29987,-29987,-29988,-29988,-29987]} 1. d4 Nf6 2. c4 e6 3. g3 d5 4. Nf3 Bb4+ 5. Bd2 Be7 6. Bg2 c6 7. O-O O-O 8. Qc2 b6 9. b3 {E11: Bogo-Indian} (9. Rd1 Ba6 10. b3 Nbd7 11. Bf4 Rc8 12. Nc3 Nh5 13. Bc1 f5 14. e3 Bd6 15. a4 Nhf6 16. Ne2 c5 17. Nf4 Qe7 18. cxd5 cxd4 19. Qb2 dxe3 20. Nxe6 exf2+ 21. Qxf2 {0-1 (35) Sarana,A (2613)-Jakovenko,D (2748) Satka 2018}) 9... a5 10. Bf4 Na6 11. a3 $146 {White is slightly better.} ({Predecessor:} 11. Nc3 Nb4 12. Qb1 Bb7 13. Rd1 Nh5 14. Bd2 f5 15. Be1 Bd6 16. Qb2 {½-½ (55) Clery,N (2241)-Roeder,M (2467) Le Touquet 2000}) 11... Bb7 12. Nc3 Rc8 13. e4 c5 {[%cal Rd5e4]} 14. exd5 cxd4 (14... exd5 $14 15. Rfd1 Nc7) 15. Nxd4 $16 exd5 16. Nf5 Re8 17. Rfd1 {Qb2 is the strong threat.} Bf8 18. Ne3 {[%cal Re3d5]} Nc7 19. Bxc7 ({Don't play} 19. Ncxd5 Ncxd5 20. Nxd5 Nxd5 $14) ({White should play} 19. Qb2 $16) 19... Qxc7 20. Nexd5 Nxd5 21. Bxd5 Re5 22. Nb5 Qe7 {Threatens to win with ...Rxd5!} 23. Bxb7 $1 Qxb7 24. Nd6 Bxd6 25. Rxd6 Rce8 {( -> ...Re1+)} 26. Qd2 h5 27. Rd8 Qf3 28. Rxe8+ Rxe8 29. Re1 Rxe1+ 30. Qxe1 Qxb3 {[%mdl 4096] Endgame KQ-KQ} 31. Qe8+ Kh7 32. Qxf7 Qxa3 33. Qxh5+ Kg8 34. Qd5+ Kh7 35. Qf5+ Kh8 36. Qh3+ $1 Kg8 37. Qe6+ Kh7 38. Qxb6 Qb4 39. Qb5 $1 Qe1+ 40. Kg2 Qe4+ 41. Kh3 Qe6+ 42. g4 Qh6+ $2 (42... Qe4 $16) 43. Kg3 Qd6+ 44. Kg2 Qf4 45. h3 Qe4+ 46. Kg3 Qd3+ 47. Kh4 $2 ({White must play} 47. Kh2 $1 $18) 47... Qd8+ $14 48. Kg3 (48. g5 $1 $16) 48... Qd3+ $18 49. Kg2 Qe4+ 50. Kf1 Qh1+ 51. Ke2 Qe4+ 52. Kd2 Qd4+ 53. Kc1 (53. Kc2 $1 $18 {and the rest is easy. aiming for Qh5+.} Qxf2+ 54. Kb3) 53... Qc3+ $16 {[#]} 54. Kb1 $1 Qe1+ {[#]} (54... Qd3+ $16 55. Kb2 Qd2+ 56. Kb3 Qd1+ 57. Kc3 Qe1+ 58. Kd3 Qf1+ 59. Ke4 Qg2+ 60. Ke5 Qxh3 61. Qxa5 Qxg4) 55. Ka2 $1 $18 {Strongly threatening Qb1+.} Qxf2+ 56. Ka3 {Black must now prevent Qf5+.} Qe3+ 57. Ka4 Qc3 58. h4 $2 ({And not} 58. Qxa5 Qxc4+ 59. Ka3 Qd3+ 60. Kb2 Qxh3 $11) ({Better is} 58. Qb3 $18 Qd4 59. Kxa5) 58... Qa1+ $11 59. Kb3 {And now Qh5+ would win.} Qb1+ 60. Kc3 Qc1+ 61. Kd4 Qg1+ 62. Kd5 Qxg4 63. Qb1+ g6 64. Qb7+ Kh6 65. Qe7 Qf5+ 66. Kc6 a4 67. c5 Qc8+ 68. Kb5 Qa8 69. Qe3+ Kg7 70. Qd4+ Kf7 71. c6 a3 72. Qd7+ Kf6 73. Qb7 Qe8 74. Qa6 $2 {[%mdl 8192]} (74. Ka4 $11) 74... Qe2+ {Black mates.} 75. Kb6 Qxa6+ 76. Kxa6 a2 77. c7 a1=Q+ 78. Kb7 Qb2+ {Accuracy: White = 56%, Black = 60%.} 0-1